Statistics for Football : 80's record transfers

Click here to take the quiz!

General Stats

  • This quiz has been taken 429 times
  • The average score is 5 of 11

Answer Stats

SeasonCountryPlayerFromToTransfer Fee% Correct
1984-1985ArgentinaDiego MaradonaFC BarcelonaNaples13M€
99%
1982-1983ArgentinaDiego MaradonaBoca JuniorsFC Barcelona8M€
99%
1986-1987WalesIan RushLiverpoolJuventus5M€
73%
1987-1988NetherlandsRuud GullitPSV EindhovenAC Milan6,75M€
67%
1989-1990EnglandChris WaddleTottenham HotspurMarseille5,4M€
51%
1988-1989EnglandPaul GascoigneNewcastle UnitedTottenham Hotspur5,2M€
48%
1989-1990GermanyJurgen KlinsmannVFB StuttgartInter Milan6,5M€
47%
1984-1985GermanyKarl-Heinz RummeniggeBayern MunichInter Milan5,5M€
25%
1986-1987ItalyRoberto DonadoniAtalanta BergamoAC Milan8M€
15%
1988-1989HungaryLajos DetariEintracht FrankfurtOlympiacos8,7M€
10%
1988-1989PortugalRui BarrosFC PortoJuventus5M€
9%

Score Distribution

Percentile by Number Answered

Percent of People with Each Score

Your Score History

You have not taken this quiz